| 000 | 00337nam a2200133Ia 4500 | ||
|---|---|---|---|
| 008 | 150301s2009 xx 000 0 und d | ||
| 082 |
_a610.7368 _bF09D |
||
| 100 | _aDOOHER, JAMES | ||
| 245 | _aFUNDAMENTAL OF MENTAL HEALTH NURSING | ||
| 260 |
_bC.B.S. DELHI _c2009 |
||
| 300 | _a312 | ||
| 650 | _aMENTAL HEALTH NURSING | ||
| 942 |
_2ddc _cBK |
||
| 999 |
_c6844 _d6844 |
||